Minecraft Quiz - Statistics

General Stats
  • This quiz has been taken 50 times
  • The average score is 7 of 8
Answer Stats
Hint Answer % Correct
Main characther (male) Steve
100%
Main characther (female) Alex
98%
Monster in End Enderdragon
94%
Monster with long legs Enderman
94%
Creator of Minecraft (nickname) Notch
94%
Similar as Steve (with white eyes) Herobrine
92%
Best material Diamond
88%
Green monster Creeper
81%
No matching quizzes found
Score Distribution
Percent of People with Each Score
Percentile by Number Answered
Your Score History
You have not taken this quiz